00378nam a2200157 a 450000100060000000300090000600800410001502000180005604000280007408200160010210000160011824500260013430000100016065000270017065000230019724021CO-ViMGA141112s2004 ck r 000 u spa d a9788432228247 aCO-ViMGAbspacCO-ViMGA04a813.5 S181f1 aSam, Savage10aFirmin / cSavage Sam a222p.14aNOVELA ESTADOUNIDENSE 14aNOVELA FANTASTICA